000
00289nam a22001337a 4500
008
180927b xxu||||| |||| 00| 0 eng d
020
_a
0070452530
041
_a
eng
080
_a
030
100
_a
24
101
_a
ENC
245
_a
Encyclopedia Of Physics
_c
Hill.M
942
_2
udc
_c
BK
999
_c
48634
_d
48634